000 00752nam a22002537a 4500
999 _c4646
_d4646
001 688277
003 GZU
005 20210317093129.0
008 960321s1994 rh b 000 0 eng
010 _a 95982748
020 _a0869225960
040 _aDLC
_cDLC
041 0 _aengsho
042 _alcode
050 0 0 _aPL8681
100 1 _aKahari, George P.
245 1 4 _aThe romances of Patrick Chakaipa :
_ba study of thematic techniques and mythology /
_cGeorge P. Kahari.
260 _aGweru, Zimbabwe :
_bMambo Press,
_c1994.
300 _a100 p. ;
_c21 cm.
546 _aIn English, with some Shona.
906 _a7
_bcbc
_corigode
_du
_encip
_f19
_gy-gencatlg
942 _2lcc
_cBK
_h8681
_iKAH
_kPL
_m1994